| 000 -LEADER |
| fixed length control field |
00717nam a22001457a 4500 |
| 008 - FIXED-LENGTH DATA ELEMENTS--GENERAL INFORMATION |
| fixed length control field |
231218b ||||| |||| 00| 0 eng d |
| 100 ## - MAIN ENTRY--PERSONAL NAME |
| Personal name |
Kumar, N. Sudheer |
| 245 ## - TITLE STATEMENT |
| Title |
India’s moonshot |
| 260 ## - PUBLICATION, DISTRIBUTION, ETC. (IMPRINT) |
| Place of publication, distribution, etc |
Yojana |
| 300 ## - PHYSICAL DESCRIPTION |
| Extent |
67(12), Dec, 2023: p.7-10 |
| 520 ## - SUMMARY, ETC. |
| Summary, etc |
This year has been remarkable for Indian space research and exploration. ISRO was an early developer of cutting-edge technologies like sensors, inertial navigation, guidance, and control systems. The success of extremely impotent missions like the mars orbiter mission, Aditya-L1, and Chandrayaan-3 can be attributed to its unparalleled capacity. – Reproduced |
| 773 ## - HOST ITEM ENTRY |
| Main entry heading |
Yojana |
| 906 ## - LOCAL DATA ELEMENT F, LDF (RLIN) |
| Subject DIP |
SCIENCE AND TECHNOLOGY |
| 942 ## - ADDED ENTRY ELEMENTS (KOHA) |
| Item type |
Articles |